<?xml version="1.0" encoding="UTF-8"?>
<collection xmlns="http://www.loc.gov/MARC21/slim">
 <record>
  <leader>00553pamaa2200169   4500</leader>
  <controlfield tag="001">0000040842</controlfield>
  <controlfield tag="005">20060724090000.0</controlfield>
  <datafield tag="020" ind1="0" ind2="0">
   <subfield code="a">9676592145 (pbk) </subfield>
  </datafield>
  <datafield tag="090" ind1="0" ind2="0">
   <subfield code="a">PE1128.A2 </subfield>
   <subfield code="b">CHI 2005</subfield>
  </datafield>
  <datafield tag="100" ind1="1" ind2="0">
   <subfield code="a">CHITRAVELU </subfield>
  </datafield>
  <datafield tag="245" ind1="1" ind2="0">
   <subfield code="a">ELT methodology : </subfield>
   <subfield code="b">principles and practice  </subfield>
   <subfield code="c">Nesamalar Chitravelu, Saratha Sithamparam, Teh Soo Choon.</subfield>
  </datafield>
  <datafield tag="260" ind1="0" ind2="0">
   <subfield code="a">Selangor: </subfield>
   <subfield code="b">Fajar Bakti, </subfield>
   <subfield code="c">2005.</subfield>
  </datafield>
  <datafield tag="300" ind1=" " ind2=" ">
   <subfield code="a">x, 383p.: </subfield>
   <subfield code="b">ill.; </subfield>
   <subfield code="c">27 cm.</subfield>
  </datafield>
  <datafield tag="501" ind1="0" ind2="0">
   <subfield code="a">Includes index</subfield>
  </datafield>
  <datafield tag="650" ind1="0" ind2="0">
   <subfield code="a">English language -- </subfield>
   <subfield code="x">Study and teaching </subfield>
  </datafield>
  <datafield tag="700" ind1="1" ind2="1">
   <subfield code="a">Sithamparam, </subfield>
   <subfield code="h">Saratha </subfield>
  </datafield>
  <datafield tag="700" ind1="1" ind2="1">
   <subfield code="a">Teo, </subfield>
   <subfield code="h">Soo Choon </subfield>
  </datafield>
 </record>
</collection>
